| 000 | 00533nam a22002177a 4500 | ||
|---|---|---|---|
| 003 | Nust | ||
| 005 | 20211006110712.0 | ||
| 008 | 170216b xxu||||| |||| 00| 0 eng d | ||
| 020 | _a 0071158979 | ||
| 038 | _aKhadija | ||
| 040 | _cC | ||
| 082 |
_a620.1123 _bCHA |
||
| 100 |
_aChakrabarty, J. _982956 |
||
| 245 | _aTheory of Plasticity | ||
| 250 | _a2nd | ||
| 260 |
_aNew York : _bMcGraw-Hill, _c1998. |
||
| 300 |
_a804 p. ; _b24 cm. |
||
| 500 | _aPaperback. | ||
| 563 | _aPB | ||
| 942 |
_cBK _2ddc |
||
| 999 |
_c33864 _d33864 |
||